Estudi de la influència dels pol·lulants atmosfèrics en la productivitat d'espècies cultivades al Baix Llobregat / Rosa Teixidó, Ricard Danés
Descripción Física:
37, [120] p. ; 30 cm
Colección:
Estudis i monografies ; 1
Otros Autores:
Danés, Ricard
Materias:
Ecologia agrícola -- Baix Llobregat
MARC
| LEADER | 00000nam a2200000Ia 4500 | ||
|---|---|---|---|
| 001 | 1331 | ||
| 008 | 160829s9999 xx 000 0 cat d | ||
| 080 | |a C-1-549 | ||
| 100 | |a Teixidó, Rosa |9 19968 | ||
| 245 | |a Estudi de la influència dels pol·lulants atmosfèrics en la productivitat d'espècies cultivades al Baix Llobregat / Rosa Teixidó, Ricard Danés | ||
| 260 | |a Barcelona : |b Diputació de Barcelona. Servei d' Agricultura i Ramaderia, DL 1983 | ||
| 300 | |a 37, [120] p. ; |c 30 cm | ||
| 490 | |a Estudis i monografies ; 1 | ||
| 650 | |a Ecologia agrícola |x Baix Llobregat |9 19969 | ||
| 700 | |a Danés, Ricard |9 19970 | ||
| 710 | 1 | |a Barcelona (Catalunya : Província). |b Servei d'Agricultura i Ramaderia |9 54365 | |
| 901 | |a Arxiu | ||
| 942 | |n 1 | ||
| 952 | |0 0 |1 0 |4 0 |6 C1549 |7 1 |9 41391 |a Arxiu |b Arxiu |d 2016-12-01 |l 0 |o C-1-549 |p 1331 |r 2016-12-01 00:00:00 |w 2016-12-01 |y ARXIU | ||
| 952 | |0 0 |1 0 |4 0 |6 PDL |7 1 |9 63750 |a Arxiu |b Arxiu |d 2022-09-05 |l 0 |o PDL |p 26670 |r 2022-09-05 00:00:00 |w 2022-09-05 |y ARXIU | ||
| 999 | |c 43198 |d 43198 | ||